00310nam a22001337a 450000500170000000800410001704100080005808200100006610000160007624500280009226000250012030000080014565000230015320160628125117.0160628b xxu||||| |||| 00| 0 eng d aeng b10779 aAhuja, B.N. aAudio Visual Journalism bsurjeet Publications a358 aMass Communication